Introduction To Friction (Record no. 3984)

MARC details
000 -LEADER
fixed length control field 00367nam a22001457a 4500
008 - FIXED-LENGTH DATA ELEMENTS--GENERAL INFORMATION
fixed length control field 250626b |||||||| |||| 00| 0 eng d
020 ## - INTERNATIONAL STANDARD BOOK NUMBER
ISBN 9789785309553
100 ## - MAIN ENTRY--AUTHOR
Author Akporobaro F.B.O
245 ## - TITLE STATEMENT
Title Introduction To Friction
260 ## - PUBLICATION, DISTRIBUTION, ETC. (IMPRINT)
Place of publication Ikeja
Name of publisher Princeton Publishing Company
Date of publication 2012
300 ## - COLLATION
Pagination 414p
650 ## - TRACINGS
Main Subject Fiction
942 ## - ADDED ENTRY ELEMENTS (KOHA)
Item type Books
050 ## - LIBRARY OF CONGRESS CALL NUMBER
Classification number PN 3338
Item number .A37
Holdings
Source of classification or shelving scheme Not for loan Permanent location Current location Date acquired Accession No. Full call number Barcode. Koha item type
Library of Congress Classification   Samuel Ogbemudia Main Library, University of Abuja Samuel Ogbemudia Main Library, University of Abuja 06/26/2025 2024/62255 PN 3338 .A37 2025-2691 Books